000 01129cam a2200301 i 4500
999 _c234595
_d234595
001 3161268
003 Nust
005 20170324180816.0
008 750617r19751818nyua 000 0 eng
010 _a 75011176
020 _a9788171671335
_c$6.95
040 _aDLC
_cDLC
_dDLC
050 0 0 _aPA3855.E5
_bB38 1975
082 0 0 _a398.2452
_bSHA
130 0 _aAesop's fables.
_lEnglish
245 0 4 _aThe fables of Aesop /
_cwith designs on wood by Thomas Bewick ; with a new introd. by Michael Marqusee.
260 _aNew York :
_bPaddington Press,
_c1975.
300 _axxiv, 253 p. :
_bill. ;
_c24 cm.
490 0 _aMasterpieces of the illustrated book
500 _aReprint of the 1818 ed. printed by E. Walter, Newcastle, for T. Bewick.
630 0 0 _aAesop's fables
_xTranslations into English.
630 0 0 _aAesop's fables
_xIllustrations.
650 0 _aFables, Greek
_xTranslations into English.
650 0 _aFables, Greek
_xIllustrations.
700 1 _aBewick, Thomas,
_d1753-1828.
700 0 _aAesop.
906 _a7
_bcbc
_corignew
_d1
_eocip
_f19
_gy-gencatlg
942 _2ddc
_cBK